[Event "Lidums Checkmate Op"]
[Site "Adelaide"]
[Date "2007.07.07"]
[Round "4.15"]
[White "Amini, Amir"]
[Black "Stojic, Svetozar"]
[Result "0-1"]
[Annotator "Fritz 10"]
[BlackElo "1919"]
[EventCountry "AUS"]
[EventDate "2007.07.07"]
[EventRounds "7"]
[EventType "swiss"]
[PlyCount "123"]
[WhiteElo "1758"]

{ E86: King's Indian: Sämisch: 6...e5 7 Nge2 c6 } 1. d4 Nf6 2. c4 g6 3. Nc3 Bg7
4. e4 d6 5. f3 O-O 6. Be3 e5 7. Nge2 c6 8. Qd2 Nbd7 9. Rb1 $146 ( 9. g3 exd4
10. Nxd4 Ne5 11. Be2 d5 12. exd5 cxd5 13. c5 Qe7 14. O-O Nc4 15. Bxc4 dxc4 16.
Rad1 Re8 17. Rfe1 Bh3 18. Ndb5 Rad8 19. Nd6 Qd7 20. Nxc4 Qc7 21. Nd6 Qc6 22.
Qf2 Bf8 23. Bg5 Bxd6 { Kluger,G-Benko,P/Budapest 1950/MCL/1/2-1/2}  )( 9. Bh6
a6 10. Bxg7 Kxg7 11. h4 h5 12. O-O-O Qa5 13. Kb1 b5 14. Nc1 bxc4 15. Bxc4 Rb8
16. Bb3 exd4 17. Qxd4 c5 18. Qxd6 c4 19. Nd5 cxb3 20. Nxb3 Qb5 21. Nc3 Qb4 22.
Qxb4 Rxb4 23. Rd2 Re8 { Hagara,V  ( 2003 ) -Karlik,V  ( 2286 ) /Tatranske Zruby
2003/CBM 096 ext/0-1  ( 50 )}  )( 9. Ng3 Re8 10. d5 cxd5 11. cxd5 Nb6 12. Be2
Bd7 13. O-O Rf8 14. a4 Rc8 15. b3 a6 16. a5 Na8 17. Bc4 Ne8 18. Na4 f5 19. exf5
gxf5 20. Ne2 f4 21. Bf2 e4 22. Bd4 e3 23. Qb4 Qg5 { Gorlovetsky,S  ( 2168 )
-Grinev,V/Kiev 2004/CBM 098 ext/0-1  ( 54 )}  )( 9. b3 a6 10. g3 b5 11. Bg2
bxc4 12. bxc4 exd4 13. Nxd4 Ne5 14. Qe2 Qa5 15. Rc1 c5 16. Nb3 Qb4 17. O-O Be6
18. Nd5 Nxd5 19. cxd5 Bd7 20. Rfd1 Bb5 21. Qd2 Qxd2 22. Rxd2 Nc4 23. Rxc4 Bxc4
{ Platz,H-Petrosian,T/Budapest 1952/MCD/0-1  ( 31 )}  )( 9. dxe5 dxe5 10. g4 h5
11. h3 Nb6 12. b3 Qxd2+ 13. Kxd2 Be6 14. Nc1 Nbd7 15. Nd3 Rfe8 16. Be2 Bf8 17.
Rhd1 Be7 18. Kc2 hxg4 19. hxg4 Nh7 20. Rh1 g5 21. Rh2 Nhf8 22. Rah1 f6 23. Nb1
Kg7 { Zimber,A-Fronmueller,F/Wuerttemberg 1994/GER/1-0  ( 36 )}  )( 9. d5 cxd5
10. cxd5 Ne8 $14 )9... a6 { Consolidates b5}  ( 9... Ne8 10. Rd1 $11 )10. b4 (
10. d5 Ne8 $14 )10... b5 ( 10... Nb6 11. Ng3 exd4 12. Bxd4 Re8 $11 )11. cxb5
axb5 { White has a new backward pawn: a2}  12. Nc1 ( 12. d5 cxd5 13. Nxd5 Nxd5
14. Qxd5 Ra3 $15 )12... exd4 $17 13. Bxd4 Ne5 14. Be2 Be6 15. O-O Nc4 16. Bxc4
Bxc4 17. Rd1 Qe7 18. Nb3 Rfd8 ( 18... Bxb3 $5 $142 { must definitely be
considered}  19. axb3 Rfd8 $11 )19. Na5 $16 Rac8 20. Nxc4 bxc4 21. Na4 ( 21. b5
d5 22. b6 Rb8 $14 )21... c5 22. Bc3 ( 22. Bf2 Nd7 $16 )22... cxb4 ( 22... Qa7
$5 $142 { must be considered}  23. Qc2 Ng4 24. fxg4 cxb4+ 25. Kf1 bxc3 26. Nxc3
Re8 $17 )23. Rxb4 $14 d5 24. e5 $4 { White is ruining his position}  ( 24. Nb6
$142 { would hold out}  24... dxe4 25. Nxc8 Qc5+ 26. Bd4 Qxc8 27. Qe2 exf3 28.
gxf3 $14 )24... d4 $1 $19 { a fitting end to a beautiful game.}  25. exf6 $4 {
White falls apart}  ( 25. Bxd4 c3 { Passed pawn}  )25... Bxf6 ( 25... dxc3 $6 {
is impossible}  26. Qxd8+ Qxd8 27. Rxd8+ Rxd8 28. Nxc3 ( 28. fxg7 $2 { is very
tempting, but}  28... c2 29. Rxc4 Rd1+ 30. Kf2 c1=Q 31. Rxc1 Rxc1 $19 )( 28.
Rxc4 $143 Rd1+ 29. Kf2 Bxf6 $15 )28... Bxf6 29. Rxc4 Bxc3 30. Rxc3 Rd1+ 31. Kf2
Rd2+ 32. Kg3 Rxa2 33. h4 $11 )26. Qe1 Qxe1+ ( 26... dxc3 $142 { and Black has
triumphed}  27. Rxd8+ Qxd8 ( 27... Rxd8 $6 28. Qxe7 Bxe7 29. Rxc4 $17 )28. Nxc3
Qd4+ 29. Kf1 Qxc3 30. Qxc3 Bxc3 $19 )27. Bxe1 $15 c3 { A strong pawn}  28. Rd3
$2 ( 28. Rc1 $5 $15 $142 { and White hangs on} )28... c2 $19 29. Bd2 c1=Q+ 30.
Bxc1 Rxc1+ 31. Kf2 Rc2+ 32. Kg3 Rd5 ( 32... Rxa2 33. Nc5 $19 )33. h4 ( 33. f4
$5 $17)33... Rh5 $19 34. Rb2 Bxh4+ 35. Kg4 Rxb2 ( 35... Rc4 $5 36. Nb6 f5+ 37.
Kf4 $19 )36. Nxb2 $17 Bf6 37. a4 Rg5+ 38. Kh3 Be5 ( 38... Rc5 39. Rb3 $17 )39.
g4 h5 ( 39... Bf6 40. Rb3 $17 )40. Nc4 ( 40. a5 $5 $142 { is worthy of
consideration}  40... Bc7 41. Rxd4 Rxa5 42. Rd7 hxg4+ 43. Kxg4 $15 )40... Bg7
$17 41. Ra3 Rc5 42. Nd2 Rc3 43. Ra2 hxg4+ 44. Kxg4 d3 ( 44... f5+ $5 $142 45.
Kf4 Bh6+ 46. Kg3 Be3 $19 )45. a5 $17 Bd4 46. Ra4 ( 46. f4 Kf8 $17 )46... Be3
47. a6 Rc2 ( 47... f5+ 48. Kh4 Ba7 49. Rb4 $17 )48. Nf1 Ba7 49. Ra3 Rf2 { Black
threatens to win material: Rf2xf1}  50. Ng3 $4 { the position is going down the
drain}  ( 50. Rxd3 $142 Rxf1 51. Rd7 $17 )50... d2 $19 51. Rd3 Be3 $1 { the
end}  52. Rd8+ ( 52. Rxe3 d1=Q { Combination}  )52... Kg7 53. Rd3 ( 53. Rd7 Kf8
$19 )53... f5+ ( 53... f6 $19 $142 { and Black can already relax} )54. Kh3 $4 {
simply worsens the situation}  ( 54. Nxf5+ gxf5+ 55. Kxf5 $19 )54... Rxf3 55.
Kg2 ( 55. a7 { is no salvation}  55... Bxa7 56. Rd7+ Kf6 57. Rd6+ Kf7 58. Rxd2
Bb8 $19 )55... Rf2+ 56. Kh3 ( 56. Kh1 { does not help much}  56... f4 57. Rd7+
Kh6 $19 )56... g5 57. Nh1 ( 57. Nxf5+ { doesn't improve anything}  57... Rxf5
58. Kg2 Rf2+ 59. Kg3 Rf1 $19 )57... Rf1 ( 57... Re2 58. Nf2 Bxf2 59. Kg2 Bc5+
60. Kg3 Re3+ 61. Rxe3 d1=Q 62. Re7+ Bxe7 63. Kf2 Bc5+ 64. Kg2 Qg1+ 65. Kh3 Qf1+
66. Kg3 Bd6# )58. a7 ( 58. Ng3 { otherwise it's curtains at once}  58... g4+
59. Kh4 $19 )58... Rxh1+ 59. Kg2 Rg1+ ( 59... Ra1 $142 { makes it even easier
for Black}  60. Kf3 Rxa7 61. Kxe3 $19 )60. Kh2 ( 60. Kf3 { the only chance to
get some counterplay}  60... Bxa7 61. Rxd2 g4+ 62. Kf4 Rf1+ 63. Ke5 Bb8+ 64.
Kd5 $19 )60... Bxa7 61. Rxd2 Bc5 ( 61... Be3 62. Rd5 f4 $19 )62. Rd5  0-1

[Event "Lidums Checkmate Op"]
[Site "Adelaide"]
[Date "2007.07.07"]
[Round "4.16"]
[White "Brown, Andrew"]
[Black "Szuveges, Narelle"]
[Result "1-0"]
[Annotator "Fritz 10"]
[BlackElo "1702"]
[EventCountry "AUS"]
[EventDate "2007.07.07"]
[EventRounds "7"]
[EventType "swiss"]
[PlyCount "87"]
[WhiteElo "1915"]

{ A48: 1 d4 Nf6 2 Nf3 g6: Torre, London and Colle Systems } 1. d4 Nf6 2. Nf3 g6
3. Bg5 Bg7 4. Nbd2 O-O 5. c3 d6 6. e4 h6 7. Bh4 Nc6 8. Bc4 ( 8. Bd3 Nh5 9. O-O
Nf4 10. Bc2 Qe8 11. Nc4 e5 12. dxe5 Nxe5 13. Nfxe5 dxe5 14. Ne3 Be6 15. Bb3 a5
16. Nd5 Bxd5 17. Bxd5 g5 { 1/2-1/2 Lau,R  ( 2540 ) -Hickl,J  ( 2485 ) /Munich
1988/CBM 007}  )( 8. h3 Nh5 9. Bc4 Qe8 10. O-O e5 11. dxe5 dxe5 12. Re1 Be6 13.
Bxe6 Qxe6 14. Qb3 Qxb3 15. axb3 Nf4 16. Nc4 f6 17. b4 a6 18. Bg3 Ne6 19. Ne3
Rfd8 20. Red1 Rxd1+ 21. Rxd1 Rd8 22. Rxd8+ Ncxd8 { Plachetka,J  ( 2455 )
-Trapl,J  ( 2392 ) /Tatranske Zruby 2003/CBM 096 ext/1-0  ( 55 )}  )8... e5
$146 ( 8... Nxe4 9. Nxe4 d5 10. Bd3 dxe4 11. Bxe4 f5 12. Bc2 Qd6 13. Qe2 g5 14.
Bxg5 hxg5 15. Bb3+ Kh7 16. Nxg5+ Kg6 17. h4 e5 18. O-O-O exd4 19. Rd3 Qe5 20.
Qd2 f4 21. Re1 dxc3 22. bxc3 Qc5 23. Bc2 { Cifuentes Parada,R  ( 2495 )
-Hommeles,T/Leeuwarden 1993/TD/1-0}  )9. O-O Re8 ( 9... g5 10. Bg3 g4 11. dxe5
$11 )10. d5 { White threatens to win material: d5xc6}  ( 10. dxe5 dxe5 11. Qe2
Qe7 $14 )10... Ne7 $11 11. b4 Rf8 12. a4 Ne8 ( 12... g5 13. Bg3 $11 )13. Ne1 f5
{ The thematic attack}  14. f3 f4 { Black wins space}  ( 14... a5 15. Nd3 $11
)15. Be2 g5 { Black threatens to win material: g5xh4}  16. Bf2 Nf6 17. g4 ( 17.
c4 $5 $16)17... Qe8 ( 17... h5 18. a5 $11 )18. h3 Qg6 ( 18... h5 19. c4 $11
)19. c4 Kf7 20. Kg2 h5 21. Nd3 hxg4 ( 21... Rh8 22. c5 $14 )22. hxg4 $14 Rh8
23. Rh1 ( 23. Qb3 $5 $14 { is worth looking at} )23... Bxg4 24. fxg4 Nxe4 25.
Rxh8 $4 { hands over the advantage to the opponent}  ( 25. Nxe4 $142 { and
White could well hope to play on}  25... Rxh1 26. Nxg5+ Qxg5 27. Kxh1 $11
)25... Rxh8 $19 26. Nxe4 Qxe4+ 27. Bf3 Qg6 $4 { Black lets it slip away}  (
27... Qh7 $142 { with excellent chances for Black}  28. Ra3 e4 $19 )28. Qe2 $16
e4 $4 { causes even greater problems}  ( 28... Ng8 29. Rc1 Nf6 30. Nxe5+ dxe5
31. Qxe5 Ne8 32. Qe6+ Qxe6 33. dxe6+ Kxe6 34. Bxb7 Nf6 35. Re1+ Kf7 $18 )29.
Bxe4 $18 Qh6 30. Re1 Bc3 31. Rc1 Bg7 ( 31... Bd2 32. Rb1 $18 ( 32. Qxd2 Qh3+
33. Kg1 f3 34. Bxf3 Qxf3 $19 ))32. Kf1 Re8 33. Qf3 Ng6 34. Qh1 ( 34. Bf5 $142 {
might be the shorter path}  34... Ne5 35. Nxe5+ Bxe5 36. Bxa7 b6 $18 )34...
Rxe4 ( 34... Qxh1+ { is still a small chance}  35. Bxh1 Rh8 $18 )35. Qxe4 Qh3+
36. Ke2 Qxg4+ 37. Kd2 Ne5 ( 37... Qd7 { does not improve anything}  38. Rg1 Bf6
39. Nxf4 $18 )38. Nxe5+ Bxe5 ( 38... dxe5 { there is nothing else anyway}  39.
Rg1 Qh5 $18 )39. Rg1 ( 39. Rh1 a5 40. Rh7+ Kf6 41. Rh6+ Ke7 42. Qh7+ Kf8 43.
Re6 Bc3+ 44. Kc2 Qh5 45. Qxh5 Bf6 46. Rxf6+ Ke7 47. Rf7+ Ke8 48. Rg7+ Kd8 49.
Qh8# )39... Qh3 40. Qd3 ( 40. Rxg5 Bc3+ 41. Ke2 f3+ 42. Ke3 Qh6 $18 )40...
Qxd3+ ( 40... f3 $18 { no good, but what else?} )41. Kxd3 Kf6 42. Ke4 ( 42.
Bxa7 { might be the shorter path}  42... Kf5 $18 )42... Bc3 ( 42... a6 {
doesn't do any good}  43. b5 Kg6 44. b6 cxb6 45. Bxb6 $18 )43. Be1 ( 43. Bxa7
$142 { it becomes clear that White will call all the shots}  43... Kg6 $18
)43... Be5 ( 43... Bb2 { cannot change destiny}  44. c5 $18 )44. c5 ( 44. c5
Kg6 45. c6 $18 ) 1-0

[Event "Lidums Checkmate Op"]
[Site "Adelaide"]
[Date "2007.07.07"]
[Round "4.17"]
[White "Garcia-Blanco, Miguel"]
[Black "McColl, Kevin"]
[Result "1-0"]
[Annotator "Fritz 10"]
[BlackElo "1900"]
[EventCountry "AUS"]
[EventDate "2007.07.07"]
[EventRounds "7"]
[EventType "swiss"]
[PlyCount "63"]
[WhiteElo "1699"]

{ D71: Fianchetto Grünfeld: 3 g3 d5 sidelines and 5 cxd5  ( without Nf3 ) } 1.
c4 Nf6 2. Nc3 d5 3. cxd5 Nxd5 4. g3 g6 5. Bg2 Nb6 6. Nf3 Bg7 7. d4 Nc6 8. e3
Bg4 ( 8... O-O 9. Qe2 Be6 10. b3 Bg4 11. Ba3 Re8 12. Rd1 e5 13. dxe5 Qc8 14. h3
Nxe5 15. hxg4 Nxf3+ 16. Bxf3 Bxc3+ 17. Kf1 c6 18. Kg2 Qe6 19. Rd6 Qe5 20. Rhd1
a5 21. R6d3 a4 22. Qc2 axb3 23. Qxb3 { Krasenkow,M  ( 2590 ) -Ftacnik,L  ( 2580
) /Polanica Zdroj 1995/CBM 049/1-0  ( 37 )}  )9. h3 ( 9. Qb3 O-O 10. O-O e5 11.
Nxe5 Bxe5 12. Bxc6 bxc6 13. dxe5 Bf3 14. e4 Nd7 15. e6 Nc5 16. Qa3 Nxe6 17. Be3
Qd7 18. Rfd1 Bxd1 19. Rxd1 Qc8 20. Qe7 Rd8 21. Rf1 Rd7 22. Qf6 Qd8 23. Qe5 Qe7
{ Kosata,J  ( 2204 ) -Petr,M  ( 2397 ) /Pardubice 2006/CBM 113 ext/0-1  ( 32 )}
 )9... Be6 10. O-O $146 ( 10. Ng5 Bc4 11. f4 Nb4 12. Be4 O-O 13. a3 N4d5 14. h4
Nxc3 15. bxc3 f5 16. Bg2 Bf6 17. Nf3 c5 18. h5 e6 19. hxg6 hxg6 20. Rb1 Rc8 21.
Ne5 Bxe5 22. fxe5 Rf7 23. Rb2 Qg5 24. Rh3 Qe7 { Trino Torre,M-Voskanian,V  (
2315 ) /Andorra 1994/TD/1-0  ( 34 )}  )10... Qd7 11. Kh2 ( 11. Ng5 Bc4 12. Re1
f5 $14 )11... h6 { Secures g5}  ( 11... O-O-O $5 $11)12. Ne4 $14 Bc4 ( 12...
O-O 13. Nc5 Qc8 14. Nxe6 Qxe6 15. Nd2 $16 )13. Re1 ( 13. Nc5 Qc8 14. Re1 a5 $16
)13... O-O ( 13... O-O-O $5 { is an interesting alternative}  14. Nc5 Qd6 $16
)14. b3 Bd5 ( 14... Be6 15. Nc5 Qc8 16. Bb2 $18 )15. Nc5 $18 Qc8 16. Bb2 ( 16.
e4 $5 $142 Be6 17. Be3 $18 )16... f5 $14 17. Qd2 Nd7 $2 ( 17... a5 18. Nh4 Bxg2
19. Nxg2 $14 )18. Rac1 ( 18. Ne5 $5 $142 Bxg2 19. Nexd7 $18 ( 19. Ncxd7 $6 Nxe5
20. Nxe5 Bxe5 $14 ))18... Nxc5 $14 19. Rxc5 e6 20. Rec1 Qe8 21. Ba3 ( 21. Ne1
Bxg2 22. Kxg2 Rd8 $16 )21... Rd8 ( 21... Rf7 22. Qe2 $11 )22. Qe1 ( 22. Rxc6 $5
{ might be a viable alternative}  22... Bxc6 23. Bxf8 Qxf8 24. Qa5 $14 )22...
Rf7 $11 23. Bb2 e5 $2 ( 23... a6 $5 $11 $142 { and Black can hope to survive}
)24. Nxe5 ( 24. Rxd5 $142 Rxd5 25. Nxe5 Nxe5 26. Bxd5 $18 ( 26. dxe5 $6 Rd8 $11
))24... Bxg2 $4 { causes further problems for ?}  ( 24... Nxe5 $142 25. Bxd5
Rxd5 26. dxe5 Rdd7 $16 )25. Nxf7 $18 ( 25. Kxg2 $6 { is the weaker alternative}
 25... Nxe5 26. dxe5 c6 $16 )25... Kxf7 ( 25... Qxf7 { does not win a prize} 
26. Kxg2 Rd7 27. Qe2 $18 )26. Kxg2 Kg8 ( 26... Bf8 { is no salvation}  27. R5c4
$18 )27. Kg1 ( 27. Qe2 { seems even better}  27... a6 $18 )27... Rd7 28. Qf1 (
28. Qe2 { keeps an even firmer grip}  28... Qe7 $18 )28... Re7 ( 28... Rf7 {
does not solve anything}  29. b4 $1 { Deflection: c6}  29... Nxb4 30. Rb5 $18 (
30. Rxc7 $143 Qe6 $18 ))29. a3 ( 29. b4 { and White can already relax}  29...
Qf7 30. Qc4 a6 $18 )29... Qf7 ( 29... Qc8 { does not help much}  30. Qc4+ Rf7
31. b4 $18 )30. Qc4 Qxc4 31. R5xc4 Kf7 ( 31... a6 { doesn't do any good}  32.
b4 $18 )32. R1c2  1-0

[Event "Lidums Checkmate Op"]
[Site "Adelaide"]
[Date "2007.07.07"]
[Round "4.18"]
[White "Slidziunas, John"]
[Black "Whitney, Garth"]
[Result "1-0"]
[Annotator "Fritz 10"]
[BlackElo "1034"]
[EventCountry "AUS"]
[EventDate "2007.07.07"]
[EventRounds "7"]
[EventType "swiss"]
[PlyCount "81"]
[WhiteElo "1671"]

{ D02: 1 d4 d5 2 Nf3 sidelines, including 2...Nf6 3 g3 and 2...Nf6 3 Bf4 } 1. d4
c6 2. g3 d5 3. Bg2 Nf6 4. Nf3 Bf5 5. O-O Nbd7 6. Nbd2 ( 6. Nh4 Bg4 7. h3 Bh5 8.
g4 Bg6 9. Bf4 Qb6 10. Nxg6 hxg6 11. Qd3 e6 12. Nd2 Be7 13. c4 a5 14. c5 Qd8 15.
Rac1 O-O 16. Qb3 Ra7 17. Rc2 Ne8 18. Nf3 Nc7 19. g5 a4 20. Qe3 Nb5 { Nikolic,P 
( 2645 ) -Brodsky,M  ( 2535 ) /Wijk aan Zee 1995/CBM 046/1-0  ( 40 )}  )6...
Qc7 ( 6... h6 7. Re1 Ne4 8. Nh4 Bh7 9. Nxe4 dxe4 10. Bh3 e6 11. Ng2 Nf6 12. c3
Be7 13. Ne3 h5 14. Nc4 h4 15. Qb3 hxg3 16. hxg3 e3 17. Bxe3 Be4 18. Bg2 Bxg2
19. Kxg2 Ng4 20. Rh1 Qd5+ 21. f3 { Meissner,C  ( 2146 ) -Nill,J  ( 2246 )
/Dresden 2004/CBM 099 ext/1/2-1/2}  )7. Nh4 $146 ( 7. c4 e5 ( 7... e6 8. b3 Be7
9. Bb2 O-O 10. Re1 Bb4 11. a3 Bd6 12. Nh4 Be4 13. Nhf3 Bg6 14. Qc1 Ne4 15. Nxe4
dxe4 16. Nh4 f5 17. Nxg6 hxg6 18. f3 Rf7 19. Qe3 exf3 20. exf3 Re8 21. f4 g5
22. c5 { Nguyen Sy Hung-Ton That Nhu,T/Vung Tau 2002/CBM 087 ext/1-0  ( 43 )} 
)8. dxe5 Nxe5 9. cxd5 Nxf3+ 10. Bxf3 cxd5 11. Nb3 Bc2 12. Qd4 Be7 13. Bf4 Qd7
14. Rac1 Rc8 15. Na1 Rc4 16. Qxa7 Ba4 17. Rxc4 dxc4 18. Qa8+ Bd8 19. Qxb7 Qe6
20. Qb4 Bd7 21. Rc1 Be7 { Navarro,M-Nicolas/Madrid 1943/HCL/1-0  ( 61 )}  )7...
Be4 ( 7... Bg6 $5 $11 { is worth consideration} )8. Nxe4 $16 Nxe4 9. Nf3 ( 9.
c4 $5 $16)9... e6 $11 10. Bf4 Bd6 11. Bxd6 Qxd6 ( 11... Nxd6 12. Qc1 $11 )12.
c3 O-O 13. Nd2 Nxd2 14. Qxd2 c5 ( 14... f5 15. Rad1 $11 )15. Rfd1 Rac8 ( 15...
Rfd8 16. e4 dxe4 17. Bxe4 $11 )16. c4 ( 16. dxc5 Rxc5 17. e4 Nf6 $14 )16... Nb6
( 16... dxc4 $5 17. Bxb7 Rcd8 $11 )17. cxd5 $14 Nxd5 18. dxc5 Rxc5 $4 { another
bit of territory lost. .}  ( 18... Qxc5 $142 19. Bxd5 exd5 $14 )19. e4 $18 Rd8
20. exd5 exd5 21. Rac1 Rxc1 22. Rxc1 Qa6 ( 22... d4 { doesn't change the
outcome of the game}  23. Bxb7 Re8 24. Be4 $18 )23. b3 ( 23. Qxd5 $142 { keeps
an even firmer grip}  23... Re8 $18 )23... h6 24. Bh3 ( 24. Bxd5 $5 { and White
can already relax}  24... Qd6 25. Rc8 Kh8 26. Rxd8+ Qxd8 $18 )24... Qf6 ( 24...
d4 { cannot undo what has already been done}  25. Bg2 $18 )25. Rc8 ( 25. Rc7
$142 { seems even better}  25... b6 26. Rxa7 Qe5 $18 )25... Rf8 ( 25... d4 $18
{ hoping against hope} )26. Rxf8+ Kxf8 27. Qxd5 Qc6 ( 27... Qe7 { doesn't
change anything anymore}  28. Bd7 Qb4 29. Bg4 $18 )28. Qxc6 bxc6 29. Bd7 c5 30.
Kf1 Ke7 31. Bb5 Kd6 32. Ke2 Ke5 ( 32... f6 { a fruitless try to alter the
course of the game}  33. Kd2 $18 )33. Kd3 a5 ( 33... Ke6 { does not improve
anything}  34. Bc4+ Kf5 35. Bxf7 $18 )34. Bc6 ( 34. Kc4 $142 { makes it even
easier for White}  34... Kd6 $18 )34... g5 ( 34... Kd6 { cannot change destiny}
 35. Be8 f6 36. Kc4 $18 )35. Kc4 Kd6 36. Bg2 f5 ( 36... f6 { does not save the
day}  37. Bf3 $18 )37. Ba8 ( 37. f4 $142 { might be the shorter path}  37...
Ke6 $18 )37... h5 ( 37... Ke5 { is not the saving move}  38. Bf3 $18 )38. f4
gxf4 39. gxf4 Kc7 40. h4 Kb6 41. Bf3  1-0

[Event "Lidums Checkmate Op"]
[Site "Adelaide"]
[Date "2007.07.07"]
[Round "4.19"]
[White "Hvistendahl, Robert"]
[Black "Mdinaradze, Edgar"]
[Result "0-1"]
[Annotator "Fritz 10"]
[BlackElo "1896"]
[EventCountry "AUS"]
[EventDate "2007.07.07"]
[EventRounds "7"]
[EventType "swiss"]
[PlyCount "100"]
[WhiteElo "1855"]

{ B07: Pirc Defence: Miscellaneous Systems } 1. e4 d6 2. d4 Nf6 3. Nc3 g6 4. f3
Bg7 5. Be3 c6 6. Qd2 Be6 ( 6... h6 7. g4 ( 7. a4 Qc7 8. Bc4 Nbd7 9. Nge2 d5 10.
Bf4 Qa5 11. exd5 Nb6 12. Bb3 Nfxd5 13. Nxd5 Qxd2+ 14. Kxd2 Nxd5 15. Be5 Bxe5
16. dxe5 O-O 17. Bxd5 Rd8 18. Nf4 e6 19. a5 exd5 20. b4 g5 21. Nd3 Bf5 {
Gyimesi,Z  ( 2539 ) -Trachtmann,M  ( 2306 ) /Germany 2001/CBM 082 ext/1-0  ( 41
)}  )7... Nbd7 8. Nge2 b5 9. h4 Nb6 10. b3 h5 11. g5 Nfd7 12. Bh3 b4 13. Nd1 c5
14. Nf2 a5 15. Rd1 Ba6 16. dxc5 dxc5 17. f4 Qc7 18. e5 Rd8 19. c4 bxc3 20. Qxc3
Bb7 21. Rg1 { Gofshtein,L  ( 2580 ) -Labok,B  ( 2380 ) /Ramat Aviv 2000/CBM
077/1/2-1/2  ( 62 )}  )7. Nge2 $146 ( 7. Bd3 Na6 8. a3 O-O 9. Nge2 Nc7 10. O-O
b5 11. h3 a6 12. f4 Bc4 13. Ng3 Bxd3 14. Qxd3 e6 15. Qd2 Qe7 16. Rae1 d5 17. f5
dxe4 18. fxg6 fxg6 19. Ncxe4 Nxe4 20. Nxe4 Rf5 21. c3 { 1/2-1/2
Rodemann,E-Vogel,M/Wiesbaden 1994/GER}  )7... Qa5 ( 7... Bc4 8. O-O-O $14 )8.
Nf4 $16 Bd7 9. d5 ( 9. Bc4 O-O $16 )9... c5 ( 9... O-O 10. a3 $11 )10. h4 h5
11. Nd3 c4 { Black threatens to win material: c4xd3}  12. Nf2 b5 13. a3 Na6 14.
Rd1 O-O 15. Bh6 Kh7 ( 15... Bxh6 16. Qxh6 Nc5 17. Rd2 $11 )16. Bxg7 $14 { White
has a mate threat}  16... Kxg7 17. Be2 Rac8 18. g4 ( 18. f4 Qc7 $16 )18... b4 (
18... Nc5 $5 $11 { is noteworthy} )19. axb4 $16 Qxb4 20. Qd4 { White threatens
to win material: Qd4xa7}  20... Kh7 ( 20... Kg8 21. g5 Ne8 22. Ra1 $16 )21. O-O
( 21. g5 Ne8 22. Ra1 Nc5 $16 )21... Qb6 22. Qd2 hxg4 23. Kg2 $4 { White has let
it slip away}  ( 23. fxg4 $142 { is the best option White has}  23... Nc5 24.
Kg2 $16 )23... gxf3+ $17 24. Bxf3 Rh8 ( 24... Qxb2 $2 { is no good}  25. Rb1
Qa3 26. Ra1 $18 )25. Nh3 ( 25. Rh1 $5 $17 $142)25... Kg7 $19 26. Kg3 Rh6 27.
Ng5 Rch8 28. Rh1 Nc7 29. Be2 ( 29. Rb1 a6 $17 )29... Nh5+ ( 29... Qxb2 $5 30.
Bxc4 Qb6 31. Ne2 $19 )30. Kg2 f6 31. Nf3 Bg4 ( 31... Qxb2 $5 32. Bxc4 Qb4 $17
)32. Bxc4 ( 32. Ra1 f5 33. exf5 Bxf3+ 34. Kxf3 Rf8 $15 ( 34... Qxb2 $4 { the
pawn must remain untouched}  35. Rhb1 Qxb1 36. Rxb1 $18 ( 36. Nxb1 $6 Nf6 37.
Qa5 Ncxd5 38. Bxc4 Rh5 39. Bxd5 Rxf5+ 40. Kg3 Rxd5 41. Qxa7 Ne4+ 42. Kh3 Re5
$18 ) ))32... Bxf3+ ( 32... Qxb2 33. Rb1 Qa3 34. Rb7 $15 )33. Kxf3 Kf7 ( 33...
Qxb2 34. Rb1 Qa3 35. Qe3 $11 )34. b3 Ng7 35. Kg4 ( 35. Qf2 g5 $15 )35... Rh5 (
35... g5 $5 $17)36. Kg3 $15 { White king safety improved}  36... g5 { Black
threatens to win material: g5xh4}  37. Ne2 gxh4+ 38. Kh3 R8h6 ( 38... Re5 $5
$15)39. Rc1 ( 39. Rdg1 Rh8 $14 )39... Re5 ( 39... Rg5 40. Rhg1 Qf2 41. Qxg5
fxg5 42. Rcf1 Qxf1+ 43. Rxf1+ Rf6 44. Nd4 $15 )40. Bd3 ( 40. Qxh6 $142 Rg5 41.
Rcf1 ( 41. Qxh4 $6 Qe3+ 42. Ng3 Nh5 $11 )41... Qe3+ 42. Kh2 ( 42. Kxh4 { is
refuted with a beautiful mate}  42... Qxe4+ 43. Nf4 Nf5+ 44. Kh3 Qe3+ 45. Rf3
Qxf3+ 46. Kh2 Qg3# )42... Rg2+ 43. Kxg2 Qxh6 44. Rf4 $16 )40... Nh5 $4 { not a
good decision, because now the opponent is right back in the game}  ( 40...
Rhh5 41. Nf4 Rhg5 42. Kh2 $15 ( 42. Kxh4 $4 { the pawn of course cannot be
captured}  42... Qb8 43. Nh5 Qh8 44. Qxg5 Rxg5 $19 ))41. Rhg1 ( 41. Qxh6 {
seems even better}  41... Rg5 42. Rcf1 Qe3+ 43. Kxh4 Ke8 $18 )41... Ng3 $4 {
lets it slip away}  ( 41... Rh7 $15)42. Rce1 ( 42. Qxh6 $142 { ends the debate}
 42... Rh5 43. Qf4 Ke8 $18 )42... Nxe4 $4 { makes life more difficult}  ( 42...
Rg5 $17 $142)43. Qf4 ( 43. Bxe4 $142 { and the rest is a matter of technique} 
43... Rxe4 44. Qxh6 Qe3+ 45. Qxe3 Rxe3+ 46. Kxh4 Nxd5 47. Nd4 $18 )43... Nf2+ (
43... Ng5+ $142 { and Black wins}  44. Rxg5 Qe3+ ( 44... Rxg5 $143 45. Nd4 $19
)45. Qxe3 Rxe3+ 46. Kg4 fxg5 47. Kxg5 Rh8 $19 )44. Kh2 Nxd3 $4 { ruins a very
nice position}  ( 44... Qe3 $142 45. Qxe3 Rxe3 $19 )45. cxd3 $4 { a weak move,
ruining a winning position.}  ( 45. Qxh6 $142 Qf2+ 46. Rg2 Qxg2+ 47. Kxg2 Rg5+
48. Kf1 Rf5+ 49. Kg1 Rg5+ 50. Qxg5 fxg5 51. cxd3 Nxd5 52. Ra1 $18 )45... Qe3 (
45... Rhh5 $142 { might be the shorter path}  46. Nc3 Rxe1 47. Rxe1 Qxb3 $19
)46. Qc4 $4 { terrible, but what else could White do to save the game?}  ( 46.
Qxe3 $142 Rxe3 47. Nf4 $19 )46... Nxd5 ( 46... Qf2+ $142 { and Black can
already relax}  47. Kh1 Qf3+ 48. Kh2 Rxe2+ 49. Rxe2 Qxe2+ 50. Kh1 Qf3+ 51. Kh2
Nxd5 52. Qe4 Qf2+ 53. Rg2 Qf4+ 54. Qxf4 Nxf4 55. Rc2 $19 )47. Nf4 ( 47. Qg4 {
the last chance for counterplay}  47... Rg5 48. Qe4 Qf2+ 49. Kh1 $19 )47...
Qxf4+ 48. Qxf4 Nxf4 49. Ra1 ( 49. Rxe5 { is not much help}  49... dxe5 50. Rd1
Rg6 $19 )49... a5 ( 49... Re2+ $5 { keeps an even firmer grip}  50. Kh1 Nxd3
51. Rg2 Rxg2 52. Kxg2 Rg6+ 53. Kf3 Rg3+ 54. Ke2 $19 )50. d4 Rb5 ( 50... Rb5 51.
Rgf1 e5 $19 ) 0-1